LEADER 00534nas a2200169 i 4500 001 000000131388 003 CaOOAMICUS 005 20190402151610.0 008 041117b xx uu u0 0und r 013 $a104260 040 $aSeMil$bita 245 10$a[Annate 1979-1988]. 773 0 $tKant-Studien.$dBerlin : De Gruyter $x0022-8877$w()2398 850 $aSeMil 852 $aSeMil$W1$xVenegono$y1$m17 5 19-28$j85367$B85367$CSeMilBibl$Z2$F89005 $82 996 $6245$a[Annate 1979-1988]$9(OLS)http://semarc/title/421853 LEADER 00746nam a2200193 i 4500 001 000000208742 003 CaOOAMICUS 005 20260130112759.0 008 111125s1824 it u000 u ita u 013 $a187530 026 $atin- o.i, roua coed (7) 1824 (R) 040 $aSeMil$bita 245 10$aVol. 3. 300 $a461, [3] p. 773 0 $aGiannone, Pietro <1676-1748>$tOpere postume di Pietro Giannone. Volume 1. [-3.].$dMilano : Soc. Tip. de' Classici italiani, 1824.$kEdizione delle opere classiche italiane del secolo 18.$g3$w()25889 850 $aSeMil 852 $aSeMil$W1$xVenegono$y1$m1O VI 20 FA$j159196$B159196$CSeMilBibl$Z2$F170262 $8I 996 $6245$aVol. 3$9(OLS)http://semarc/title/80712